Bharat's project management & control / (Record no. 163305)

MARC details
000 -LEADER
fixed length control field 00471nam a22001697a 4500
005 - DATE AND TIME OF LATEST TRANSACTION
control field 20190408170158.0
010 ## - LCCN (DPL NO)
LC control number B-031609
020 ## - INTERNATIONAL STANDARD BOOK NUMBER
Terms of availability 160.00
035 ## - SYSTEM CONTROL NUMBER
System control number B-031609
037 ## - SOURCE OF ACQUISITION
Source of stock number/acquisition Bharat Law House Pvt. Ltd.
082 ## - DEWEY DECIMAL CLASSIFICATION NUMBER
Classification number 658.401
100 ## - MAIN ENTRY--PERSONAL NAME
Personal name Garg, R.K
245 ## - TITLE STATEMENT
Title Bharat's project management & control /
Statement of responsibility, etc R.K. Garg
260 ## - PUBLICATION, DISTRIBUTION, ETC. (IMPRINT)
Place of publication, distribution, etc New Delhi
Name of publisher, distributor, etc Bharat Law House Pvt. Ltd.
Date of publication, distribution, etc 2000
300 ## - PHYSICAL DESCRIPTION
Extent 463p.
Dimensions 23cm(pbk)
942 ## - ADDED ENTRY ELEMENTS (KOHA)
Source of classification or shelving scheme Dewey Decimal Classification
Item type English Books
Classification part 658.401
Call number suffix GAR
Holdings
Withdrawn status Lost status Not for loan Collection code Home library Current library Date acquired Full call number Barcode Koha item type Public note
      Non-fiction Sarojini Nagar Sarojini Nagar 08/04/2019 658.401 GAR B-031609 English Books Withdrawn List Prepared L.No.17/12

© Delhi Public Library
Hit Counter
free hit counter